Logo BPK

Bibliografia Prac Pracowników

Politechniki Koszalińskiej

Odgławianie karpi (Rekord nr 5971)

Szczegóły MARC
000 -ETYKIETA REKORDU
podpole kontrolne o stałej długości 01201naa a22002411i 4500
001 - NUMER KONTROLNY REKORDU
podpole kontrolne 5971
003 - IDENTYFIKATOR NUMERU KONTROLNEGO REKORDU
podpole kontrolne KOSZ 005
005 - DATA OSTATNIEJ MODYFIKACJI REKORDU
podpole kontrolne 20180426133725.0
008 - POLE O STAŁEJ DŁUGOŚCI - DANE KONTROLNE
podpole kontrolne o stałej długości 140918s2012 pl n f |000 0pol d
040 ## - ŹRÓDŁO KATALOGOWANIA
Instytucja, która utworzyła rekord BPK
Instytucja, która sporządziła opis KOSZ 005/ac
080 ## - UNIWERSALNA KLASYFIKACJA DZIESIĘTNA - UKD
UKD 639.3
100 1# - NAZWA OSOBOWA
Nazwa osobowa DOWGIAŁŁO, Andrzej.
Lata pracy 2006 - .
Instytucja Politechnika Koszalińska - Wydział Mechaniczny,
Wydział Katedra Procesów i Urządzeń Przemysłu Spożywczego
245 10 - TYTUŁ/ODPOWIEDZIALNOŚĆ
Tytuł Odgławianie karpi
Oznaczenie części/sekcji dzieła Cz. 2 /
Pozostałe elementy strefy tytułu i oznaczenia odpowiedzialności Andrzej Dowgiałło, Michał Sikora, Daniel Dutkiewicz.
246 31 - WARIANT TYTUŁU
Tytuł Deheading carp
500 ## - UWAGI OGÓLNE
Tekst uwagi Dane z autopsji.
520 ## - UWAGA DOTYCZĄCA TREŚCI DOKUMENTU
Analiza dokumentacyjna, adnotacja itp. Celem artykułu była prezentacja przeprowadzonych badań wydajności i poprawności odgławiania karpi w skonstruowanych urządzeniach modelowych oraz w wykonanym optymalnym prototypie urządzenia odgławiającego.
650 #0 - HASŁO PRZEDMIOTOWE W FORMIE NAZWY OGÓLNEJ LUB JEDNOSTKOWEJ
Nazwa ogólna lub geograficzna Przemysł rybny.
650 #0 - HASŁO PRZEDMIOTOWE W FORMIE NAZWY OGÓLNEJ LUB JEDNOSTKOWEJ
Nazwa ogólna lub geograficzna Ryby karpiowate.
700 1# - HASŁO DODATKOWE - NAZWA OSOBOWA
Nazwa osobowa DUTKIEWICZ, Daniel.
Lata pracy 1999 - .
Instytucja Politechnika Koszalińska - Wydział Mechaniczny,
Wydział Katedra Procesów i Urządzeń Przemysłu Spożywczego
700 1# - HASŁO DODATKOWE - NAZWA OSOBOWA
Nazwa osobowa SIKORA, Michał - doktorant.
773 0# - TYTUŁ DOKUMENTU MACIERZYSTEGO
Wyrażenie wprowadzające W "
Tytuł Postępy Techniki Przetwórstwa Spożywczego. -
Informacje dotyczące relacji 2012, T. 22/40, nr 1, s. 29-31
942 ## - HASŁO DODATKOWE - ELEMENTY(KOHA)
Typ dokumentu Artykuł
Schemat klasyfikacji Uniwersalna klasyfikacja dziesiętna
Egzemplarze
Wycofany Zagubiony Uszkodzony Dostępność Lokalizacja stała Lokalizacja bieżąca Sygnatura Typ dokumentu
      Dostępny Bibliografia Prac Pracowników - BPK Bibliografia Prac Pracowników - BPK 01453 Artykuł
© 2014 Biblioteka Politechniki Koszalińskiej :: BIBLIOGRAFIA PRAC PRACOWNIKÓW